| 000 | 00445nam a2200121Ia 4500 | ||
|---|---|---|---|
| 008 | 220615s9999||||xx |||||||||||||| ||und|| | ||
| 245 | 0 |
_aBorders and Margins _bFederalism, Devolution and Multi-Level Governance |
|
| 546 | _aEnglish[eng] | ||
| 650 | _aPolitical Science||International Relations | ||
| 700 | _aLachapelle, Guy||Oñate, Pablo | ||
| 856 | _uhttps://library.oapen.org/bitstream/20.500.12657/53466/1/external_content.pdf | ||
| 942 | _cEB | ||
| 999 |
_c14287 _d14287 |
||